000 00345 a2200157 4500
001 18092
020 _a9788572087582
040 _cAnchieta - Bela Vista
100 _aGuedes, Luis Roberto
240 1 0 _aPlaneta bicho
_lpor
245 1 0 _aPlaneta bicho
300 _a23
362 0 _a2011
650 4 _aLiteratura infanto-juvenil
942 _cBK
999 _c18092
_d18092